000 003340000a22001090004500
090 _aAR
_b01542
245 1 0 _aMonograph of the neotropical fern genus Stigmatopteris (Dryopteridaceae)
041 0 _aInglés
100 1 _aMoran, Robbin C.
_922077
942 _cARTICULO
773 1 _tAnnals of the Missouri Botanical Garden
_h78
_q857-914
_d1991
999 _c13147
_d13147